Central Library OPAC University of Rajshahi

A simple guide to committee procedure and the work of the officers of a society or club / (Record no. 34265)

MARC details
000 -LEADER
fixed length control field 00901nam a2200265 a 4500
001 - CONTROL NUMBER
control field 34265
003 - CONTROL NUMBER IDENTIFIER
rucl marc code BD-RjUL
005 - DATE AND TIME OF LATEST TRANSACTION
control field 20211209052129.0
008 - FIXED-LENGTH DATA ELEMENTS--GENERAL INFORMATION
fixed length control field 190106r19651925enk 001 0 eng d
035 ## - SYSTEM CONTROL NUMBER
System control number (BD-RjUL)34359
040 ## - CATALOGING SOURCE
Original cataloging agency ANL
Language of cataloging eng
Transcribing agency ANL
Modifying agency BD-RjUL
041 ## - LANGUAGE CODE
Language code of text/sound track or separate title eng
082 04 - DEWEY DECIMAL CLASSIFICATION NUMBER
Classification number 060.42
Author mark and year LAS 1965
100 1# - MAIN ENTRY--PERSONAL NAME
Personal name Lambourn, Eleanor O.
9 (RLIN) 104159
245 12 - TITLE STATEMENT
Title A simple guide to committee procedure and the work of the officers of a society or club /
Statement of responsibility, etc. by Eleanor O Lambourn ; with a foreword by Dorothy wood
250 ## - EDITION STATEMENT
Edition statement rev. and enl. ed.
260 ## - PUBLICATION, DISTRIBUTION, ETC. (IMPRINT)
Place of publication, distribution, etc. London :
Name of publisher, distributor, etc. George Allen & Unwin Ltd.,
Date of publication, distribution, etc. 1925 [Impression 1965]
300 ## - PHYSICAL DESCRIPTION
Pagination 64 p. ;
Size 17 cm.
490 ## - SERIES STATEMENT
Series statement Practical handbook series;
Volume/sequential designation no. 6
504 ## - BIBLIOGRAPHY, ETC. NOTE
Bibliography, etc Includes index.
650 #0 - SUBJECT ADDED ENTRY--TOPICAL TERM
Topical term or geographic name as entry element Committees.
9 (RLIN) 104160
700 ## - ADDED ENTRY--PERSONAL NAME
Personal name wood, Dorothy, foreworder
830 ## - SERIES ADDED ENTRY--UNIFORM TITLE
Uniform title Practical handbook series;
Volume number/sequential designation no. 6
942 ## - ADDED ENTRY ELEMENTS (KOHA)
Source of classification or shelving scheme Dewey Decimal Classification
Koha item type Books
Holdings
Lost status Source of classification or shelving scheme Damaged status Not for loan Collection code Permanent Location Current Location Shelving location Date acquired Source of acquisition Cost, normal purchase price Total Checkouts Full call number Date last seen Copy number Koha item type
  Dewey Decimal Classification   Not For Loan Rare Books Central Library, University of Rajshahi Central Library, University of Rajshahi Rare Book Section 09/09/1969 Zeitlinger 5.00   060.42 LAS 1965 15/05/2014 C-1 Rare Books
  Dewey Decimal Classification     Non-fiction Central Library, University of Rajshahi Central Library, University of Rajshahi   09/09/1969 Zeitlinger 5.00   060.42 LAS 1965 18/05/2014 C-3 Books
  Dewey Decimal Classification     Non-fiction Central Library, University of Rajshahi Central Library, University of Rajshahi   09/09/1969 Zeitlinger 5.00   060.42 LAS 1965 19/05/2014 C-2 Books
  Dewey Decimal Classification     Non-fiction Central Library, University of Rajshahi Central Library, University of Rajshahi   09/09/1969 Zeitlinger 5.00   060.42 LAS 1965 06/01/2019 C-4 Books